Carrying capacity based developmental planning for National Capital Region (Record no. 613814)

MARC details
000 -LEADER
fixed length control field 00894nam a2200253Ia 4500
003 - CONTROL NUMBER IDENTIFIER
control field OSt
005 - DATE AND TIME OF LATEST TRANSACTION
control field 20220926005427.0
008 - FIXED-LENGTH DATA ELEMENTS--GENERAL INFORMATION
fixed length control field 220923b |||||||| |||| 00| 0 eng d
037 ## - SOURCE OF ACQUISITION
Terms of availability General Book
040 ## - CATALOGING SOURCE
Original cataloging agency RTL
Transcribing agency RTL
Language of cataloging eng
041 ## - LANGUAGE CODE
Source of code eng
Language code of text/sound track or separate title eng
110 ## - MAIN ENTRY--CORPORATE NAME
Corporate name or jurisdiction name as entry element Centre For Inter-Disciplinary Studies Of Mountain And Hill Environment. South Campus
9 (RLIN) 310288
245 #0 - TITLE STATEMENT
Title Carrying capacity based developmental planning for National Capital Region
260 ## - PUBLICATION, DISTRIBUTION, ETC.
Place of publication, distribution, etc. New Delhi
Name of publisher, distributor, etc. South Campus India
Date of publication, distribution, etc. 1993
300 ## - PHYSICAL DESCRIPTION
Extent 92p.
Dimensions cm.
500 ## - GENERAL NOTE
General note Phase I-Reprot
650 ## - SUBJECT ADDED ENTRY--TOPICAL TERM
Topical term or geographic name entry element Agricultural Geography
700 ## - ADDED ENTRY--PERSONAL NAME
Personal name Centre For Inter-Disciplinary Studies Of Mountain And Hill Environment. South Campus
9 (RLIN) 310289
942 ## - ADDED ENTRY ELEMENTS (KOHA)
Classification part U672(J):(G:55).2.N9, N3
Koha item type General Books
Source of classification or shelving scheme Colon Classification (CC)
Holdings
Withdrawn status Lost status Damaged status Not for loan Home library Current library Date acquired Total Checkouts Full call number Barcode Date last seen Price effective from Koha item type
        Ratan Tata Library Ratan Tata Library 2022-09-26   U672(J):(G:55).2.N9 N3 RT1115090 2022-09-26 2022-09-26 General Books
Copyright @ Delhi University Library System